[Event "Krapina-ch 8th "]
[Site "Krapina"]
[Date "2018.01.20"]
[Round "4"]
[White "Spilek, Kristina"]
[Black "Keller, Luka"]
[Result "0-1"]
[WhiteElo "1446"]
[BlackElo "1745"]
[PlyCount "110"]
[EventDate "2018.01.18"]
[EventType "swiss"]
[EventRounds "7"]
[EventCountry "CRO"]
[SourceTitle "EXT 2019"]
[Source "ChessBase"]
[SourceDate "2018.10.10"]
[SourceVersion "1"]
[SourceVersionDate "2018.10.10"]
[SourceQuality "1"]

1. e4 c5 2. Nf3 g6 3. d4 cxd4 4. Nxd4 Bg7 5. Be3 Nc6 6. c3 d6 7. Bc4 Nf6 8. f3 0-0 9. Nd2 Ne5 10. Be2 Bd7 11. Qb3 b6 12. Nc4 Nc6 13. Nxc6 Bxc6 14. Qc2 Rc8 15. Nd2 Qd7 16. Nb3 Bb5 17. Bxb5 Qxb5 18. Nd4 Qa6 19. Qe2 Qb7 20. Qd2 Rfe8 21. 0-0 Nd7 22. Ne2 Ne5 23. Bd4 Nc4 24. Qc1 e5 25. Bf2 d5 26. b3 Na5 27. exd5 Qxd5 28. Rd1 Qb7 29. Rb1 e4 30. fxe4 Rxe4 31. Qd2 Rg4 32. g3 Qf3 33. Qd3 Qxd3 34. Rxd3 Re4 35. Kf1 Nc6 36. Rbd1 Rce8 37. Nd4 Ne5 38. Re3 Ng4 39. Rxe4 Rxe4 40. h3 Nxf2 41. Kxf2 Bxd4+ 42. Rxd4 Rxd4 43. cxd4 Kf8 44. Ke3 Ke7 45. Ke4 Kd6 46. b4 f5+ 47. Kd3 Kd5 48. a3 g5 49. a4 h5 50. a5 bxa5 51. bxa5 a6 52. Ke3 Kc4 53. h4 g4 54. Kf4 Kxd4 55. Kxf5 Ke3 0-1